| 000 | 00000cam 2200000zi 4500 |
| 001 | 9.557553 |
| 003 | CaOODSP |
| 005 | 20250410165338 |
| 007 | cr ||||||||||| |
| 008 | 150406s2001||||xxc|||||o f|0| 0 eng d |
| 020 | |a0-660-18396-X |
| 022 | |a1205-9153 |
| 040 | |aCaOODSP|beng |
| 043 | |an-cn--- |
| 086 | 1 |aCS11-0019/165E-PDF|zCS11-0019/165E-IN |
| 100 | 1 |aBaldwin, John R. |eauthor.|q(John Russel) |
| 245 | 00|aInnovation and connectivity : |bthe nature of market linkages and innovation networks in Canadian manufacturing industries / |cby John R. Baldwin and Alice Peters. |
| 260 | |aOttawa, Ontario : |bStatistics Canada, |cMay 2001. |
| 300 | |a1 online resource (46 pages) : |bgraphs, references, tables. |
| 336 | |atext|btxt|2rdacontent |
| 337 | |acomputer|bc|2rdamedia |
| 338 | |aonline resource|bcr|2rdacarrier |
| 490 | 1 |aAnalytical Studies Branch research paper series ; |x1205-9153|vNo. 165 |
| 500 | |aThe ISSN (1200-5233) for the print edition has been incorrectly copied in this electronic publication. |
| 520 | 3 |a"This paper investigates the extent to which customers/suppliers innovation networks are related to the size and pattern of inter-industry goods flows. It does so by devising a diversification index to measure the nature of inter-industry links that arise from the flow of goods and services from suppliers to customers. It then relates these diversification patterns to the importance of customer and supplier innovation networks"--Abstract. |
| 590 | |a12-37-Supp|b2012-09-24 |
| 710 | 2 |aStatistics Canada, |eissuing body. |
| 775 | 08|tInnovation et connectivité : |w(CaOODSP)9.590794 |
| 776 | 0#|tInnovation and connectivity : |w(CaOODSP)9.615468 |
| 830 | #0|aResearch paper series (Statistics Canada. Analytical Studies Branch)|x1205-9153|vNo. 165|w(CaOODSP)9.504421 |
| 856 | 40|ahttp://publications.gc.ca|qPDF|s258 KB |uhttps://publications.gc.ca/collections/Collection/CS11-0019-165E.pdf|yNo. 165 |